000 00794nam a2200217 i 4500
001 bg
245 0 _aWybrane zagadnienia geometrii wykreślnej :
_bmonografia 116 /
_c[red. nauk. Zbigniew Pałasiński, Tadeusz Raczyński].
260 _aKraków :
_bPK,
_c1991.
300 _a117 s. :
_brys., wykr. ;
_c24 cm.
490 1 _aMonografia / Politechnika Krakowska im. Tadeusza Kościuszki,
_x0860-097X ;
_v116
504 _aBibliogr. przy rozdz.
700 1 _aPAŁASIŃSKI, Zbigniew.
_ered. nauk.
700 1 _aRACZYŃSKI, Tadeusz.
_ered. nauk.
710 _aPOLITECHNIKA KRAKOWSKA (Kraków)
830 0 _aMonografia (Politechnika Krakowska im. Tadeusza Kościuszki) ;
_v116
040 _cBPK
041 _apol
080 _a514.18
942 _cKS
008 s pl f |000 0 pol
999 _c29988
_d29988
856 _uhttp://koha.tu.koszalin.pl/cgi-bin/koha/opac-detail.pl?biblionumber=29988
_yKatalog online BPK